| 000 | 00377nam a22001577a 4500 | ||
|---|---|---|---|
| 020 | _a9780008532819 | ||
| 082 |
_a823 _bREB/Y |
||
| 100 | _aRebecca F. Kuang | ||
| 245 |
_aYellowface / _cby Rebecca F. Kuang |
||
| 260 |
_aLondon: _bHarperCollins, _c2023. |
||
| 300 | _a323p. | ||
| 650 | _aNovel English | ||
| 650 | _aLiterature English | ||
| 650 | _aLiterature | ||
| 942 | _cBK | ||
| 999 |
_c181285 _d181285 |
||